[Event "Synthesia Rapid Open"]
[Site "Pardubice CZE"]
[Date "2009.07.23"]
[Round "7"]
[White "Samolins,V"]
[Black "Vokac,M"]
[Result "1/2-1/2"]
[WhiteElo "2420"]
[BlackElo "2466"]

1.e4 g6 2.d4 Bg7 3.Nc3 d6 4.Be3 a6 5.a4 b6 6.Qd2 Bb7 7.f3 Nd7 8.Bc4 e6 9.Nge2 Qe7
10.g4 c5 11.Bg5 Ngf6 12.O-O-O h6 13.Bh4 Rc8 14.Ba2 c4 15.f4 g5 16.fxg5 Nxe4
17.Nxe4 Bxe4 18.Rhf1 hxg5 19.Bxg5 Qxg5 20.Qxg5 Bh6 21.Qxh6 Rxh6 22.Ng3 Bg6
23.Rd2 d5 24.c3 Ke7 25.Bb1 Rch8 26.Bxg6 Rxg6 27.Rdf2 Rh7 28.h3 f5 29.Nh5 fxg4
30.Nf4 Rg5 31.hxg4 Rh6 32.Re1 Kd6 33.Rg2 Nf8 34.Kd2 Rf6 35.Nh5 Rf3 36.Ke2 Rf7
37.Rf1 Rxf1 38.Kxf1 Ng6 39.Ke2 e5 40.Rf2 exd4 41.cxd4 Rxg4 42.Rf6+ Ke7 43.Rxb6 Re4+
44.Kf2 Nh4 45.Rxa6 Rxd4 46.Ke3 Nf5+ 47.Ke2 Rd3 48.Nf4 Nd4+ 49.Ke1 Nc2+ 50.Ke2 Nd4+
51.Ke1 Nc2+ 52.Kf2 Rd2+ 53.Kf3 d4 54.Rc6 Ne1+ 55.Ke4 Rxb2 56.Rxc4 d3 57.Nxd3 Nxd3
58.Kxd3 Kd6 59.Kc3 Rb1 60.Kc2 Rb8 61.Rh4 Kc5 62.Kc3 Rg8 63.Rh5+ Kb6  1/2-1/2

[Event "Tchibo Open B"]
[Site "Pardubice CZE"]
[Date "2009.07.24"]
[Round "1"]
[White "Pekar,V"]
[Black "Seyb,D"]
[Result "1/2-1/2"]
[WhiteElo "2012"]
[BlackElo "2294"]

1.Nc3 g6 2.d4 Bg7 3.e4 d6 4.Bc4 e6 5.Nge2 a6 6.a4 h6 7.O-O Ne7 8.Nf4 O-O
9.Be3 c6 10.a5 d5 11.Bd3 Nd7 12.exd5 exd5 13.b4 Nf6 14.f3 Qd6 15.Rb1 Nf5
16.Bxf5 Bxf5 17.Nd3 Bxd3 18.Qxd3 Ne8 19.Qd2 Qf6 20.Na4 Nd6 21.c3 g5 22.Rbe1  1/2-1/2

[Event "Czech Open A"]
[Site "Pardubice CZE"]
[Date "2009.07.24"]
[Round "1"]
[White "Petr,Ma"]
[Black "Shilov,S"]
[Result "1/2-1/2"]
[WhiteElo "2478"]
[BlackElo "2272"]

1.e4 g6 2.d4 Bg7 3.Nc3 d6 4.Be3 a6 5.Qd2 Nf6 6.Bh6 Bxh6 7.Qxh6 e5 8.dxe5 dxe5
9.Nf3 Nc6 10.Bc4 Be6 11.Bd5 Nd4 12.O-O-O Nxf3 13.gxf3 Bxd5 14.Nxd5 Nd7 15.Rd2 c6
16.Rhd1 Qa5 17.Qg7 O-O-O 18.Nc3 Nc5 19.Qxf7 Qc7 20.Qxc7+ Kxc7 21.Rxd8 Rxd8
22.Rxd8 Kxd8 23.Kd2 Ke7 24.Ke3 Ne6 25.Ne2 g5 26.Ng3 Nf4 27.Nf5+ Ke6 28.a4 a5
29.Kd2 Nh3 30.Ke3 Nf4 31.b3 b5 32.Nh6 Ng2+ 33.Kd2 Nh4 34.Ke2 Ng2 35.c3 Nf4+
36.Kd2 Nh3 37.Ke3 Nf4 38.Nf5 Ng2+ 39.Kd2 Nf4 40.Ne3 Kd6 41.axb5 cxb5 42.c4 Kc5
43.cxb5 Kxb5 44.Nc4 Kb4 45.Kc2 a4 46.Nxe5 axb3+ 47.Kb2 Ne6 48.Nc6+ Kc4 49.Na5+ Kd3
50.Nxb3 Ke2 51.Kc3 Kxf2 52.Nd4 Nf4 53.e5 Kg2 54.Kd2 Kxh2 55.Ke3 Kg2 56.e6 h5
57.Ke4 Nxe6 58.Nxe6 g4 59.f4 h4 60.f5 h3 61.f6 h2 62.f7 h1=Q 63.f8=Q Qb1+
64.Ke5 Qb5+ 65.Nc5 g3 66.Qa8+ Kh2 67.Kd5 Qb2 68.Qa5 Qg7 69.Qd8 Qh6 70.Nd3 g2
71.Qc7+ Kh1 72.Nf2+ Kg1 73.Ne4 Qe3 74.Qe5 Kf1 75.Qa1+ Ke2 76.Qb2+ Kf3 77.Qf6+ Ke2
78.Qb2+ Kf3 79.Nd2+ Qxd2+  1/2-1/2

[Event "ch-Euro Senior"]
[Site "Rogaska Slatina SLO"]
[Date "2009.07.24"]
[Round "3"]
[White "Slana,M"]
[Black "Kornath,H"]
[Result "1-0"]
[WhiteElo "2037"]
[BlackElo "1959"]

1.e4 d6 2.d4 g6 3.Nc3 Bg7 4.f4 Nf6 5.Nf3 O-O 6.e5 Ne8 7.Bc4 c6 8.a4 b6 9.Be3 Ba6
10.Qe2 Qc8 11.O-O Nc7 12.Bd3 Bxd3 13.Qxd3 Qa6 14.Qd2 d5 15.Qe1 Nd7 16.Qh4 Rfe8
17.Ng5 h6 18.Nf3 Nf8 19.Qg3 Qc8 20.Nh4 e6 21.Nf3 Qd8 22.Qe1 Qe7 23.Qd2 Kh7
24.Bf2 Qb4 25.Ne1 Nd7 26.h4 h5 27.b3 Rh8 28.Be3 Qe7 29.Nf3 Kg8 30.Qf2 Na6
31.Bc1 Nb4 32.Na2 a5 33.Ba3 c5 34.c3 Na6 35.Qe2 Bf8 36.Nc1 Qd8 37.Bb2 Be7
38.Qf2 Qc7 39.Ba3 Kg7 40.Nd3 Rac8 41.Rac1 Qd8 42.Bb2 c4 43.bxc4 Rxc4 44.Ra1 Nab8
45.Nd2 Rc7 46.Nf3 Nc6 47.Kh2 Qc8 48.Qg3 Qa6 49.Nd2 Rhc8 50.Kh3 Bf8 51.f5 exf5
52.Rxf5 Ne7 53.Rf3 Ng8 54.Raf1 Nh6 55.Nf4 Ng4 56.Nxd5 Ndxe5 57.Nxc7 Rxc7
58.dxe5 Qc8 59.e6 f5 60.c4+ Kg8 61.Qe1 Bb4 62.Rd3 Rxc4 63.Qe2 Rc2 64.e7 Qc7
65.e8=Q+ Kh7 66.Rd7+  1-0

[Event "XXXV d'Esca Open"]
[Site "Sitges ESP"]
[Date "2009.07.24"]
[Round "3"]
[White "Jerez Perez,A"]
[Black "Almeida Quintana,O"]
[Result "1/2-1/2"]
[WhiteElo "2388"]
[BlackElo "2524"]

1.e4 g6 2.d4 Bg7 3.Nc3 d6 4.f4 a6 5.Nf3 b5 6.Bd3 Nd7 7.e5 c5 8.Be4 Rb8 9.O-O b4
10.Na4 Qc7 11.exd6 exd6 12.Re1 Ne7 13.dxc5 Nxc5 14.Nxc5 dxc5 15.Ne5 O-O 16.Qf3 Be6
17.a3 a5 18.c3 bxc3 19.bxc3 Rfd8 20.Be3 Rb3 21.Bf2 Nd5 22.Rac1 f5 23.Bb1 Qc8
24.Bh4 Nf6 25.Nc6 Re8 26.Ba2 c4 27.Bxb3 cxb3 28.Bxf6 Bxf6 29.Nd4 Bf7 30.a4 Rxe1+
31.Rxe1 b2 32.Qd3 Ba2 33.Qb5 Bxd4+ 34.cxd4 Qc1 35.Qe8+ Kg7 36.Qe7+ Bf7 37.Qe5+ Kh6
38.g4 Qd2 39.Rf1 Bc4 40.Rb1 Ba2 41.Qe7 Qxd4+ 42.Kg2 Qxf4 43.g5+ Qxg5+ 44.Qxg5+ Kxg5
45.Rxb2 Bd5+ 46.Kf2 Bc6 47.Rc2 Bxa4 48.Rc5 h5 49.Rxa5 Bc2 50.Ra6 f4 51.Kf3 Bd1+
52.Kf2 Kf5 53.h4 Bc2 54.Rc6 Bd3 55.Rc3 Be4 56.Rc4 Bb7 57.Rc5+ Kf6 58.Rc4 Kf5  1/2-1/2

[Event "Czech Open A"]
[Site "Pardubice CZE"]
[Date "2009.07.25"]
[Round "2"]
[White "Shilov,S"]
[Black "Haub,TM"]
[Result "0-1"]
[WhiteElo "2272"]
[BlackElo "2483"]

1.e4 g6 2.d4 Bg7 3.Nc3 d6 4.f4 a6 5.Nf3 e6 6.Bd3 Ne7 7.Be3 Nd7 8.f5 exf5
9.exf5 Nf6 10.fxg6 hxg6 11.Qe2 O-O 12.O-O Bf5 13.Bg5 Qd7 14.Nh4 Bxd3 15.Qxd3 Nh7
16.Bd2 Nc6 17.Ne2 Rae8 18.h3 Qe7 19.Nxg6 Qxe2 20.Qxe2 Rxe2 21.Nxf8 Nxf8 22.Bc3 Nxd4
23.Rf2 Rxc2 24.Kf1 Rxf2+ 25.Kxf2 b5 26.Ba5 Nfe6 27.Rc1 c5 28.Bd2 d5 29.h4 Nf5
30.b4 c4 31.h5 Nd6 32.Kf3 f5 33.h6 Nd4+ 34.Kf2 Ne4+ 35.Ke1 Nxd2 36.hxg7 Ne4
37.Kd1 c3 38.Ra1 Nf2+ 39.Kc1 Nd3+ 40.Kb1  0-1

[Event "Czech Open A"]
[Site "Pardubice CZE"]
[Date "2009.07.25"]
[Round "2"]
[White "Jeitz,C"]
[Black "Gorbatov,A"]
[Result "0-1"]
[WhiteElo "2221"]
[BlackElo "2404"]

1.e4 g6 2.d4 Bg7 3.Nc3 d6 4.Be3 a6 5.h3 Nd7 6.Qd2 b5 7.a3 Bb7 8.Nf3 c5 9.d5 Ngf6
10.Bd3 O-O 11.Bh6 Re8 12.Bxg7 Kxg7 13.O-O e6 14.dxe6 Rxe6 15.Rfe1 Qb6 16.Ng5 Re7
17.Nd5 Bxd5 18.exd5 Rae8 19.Rxe7 Rxe7 20.c4 Ne5 21.cxb5 axb5 22.Re1 h6 23.Ne4 Nxd3
24.Qxd3 Re5 25.Qf3 Qd8 26.Re2 Qe7 27.Nc3 b4 28.axb4 cxb4 29.Rxe5 Qxe5 30.Nb5 Qxb2
31.Nxd6 b3 32.Qd1 Qc3 33.Nb5 Qb4 34.Qd3 b2 35.Nc3 Qxc3 36.Qxc3 b1=Q+ 37.Kh2 Qd1
38.Qe5 Qxd5 39.Qb2 g5 40.Kg1 Kg6 41.Qc2+ Qe4 42.Qa2 Qe1+ 43.Kh2 Qe5+ 44.Kg1 Nd5
45.Qc2+ Kg7  0-1

[Event "ch-Euro Senior"]
[Site "Rogaska Slatina SLO"]
[Date "2009.07.25"]
[Round "4"]
[White "White,A"]
[Black "Zachariassen,J"]
[Result "1/2-1/2"]
[WhiteElo "2114"]
[BlackElo "1968"]

1.e4 g6 2.d4 Bg7 3.Nc3 d6 4.f4 Nd7 5.Nf3 a6 6.a4 b6 7.Bd3 e6 8.O-O Ne7 9.Be3 Bb7
10.Qe1 c5 11.e5 cxd4 12.Bxd4 d5 13.g4 Nc5 14.Qe3 Rc8 15.a5 Nc6 16.f5 Nxd4
17.Nxd4 Qh4 18.Be2 Bh6 19.Qf3 gxf5 20.Nxf5 exf5 21.Qxf5 O-O 22.Bf3 Rcd8 23.Rad1 Bc8
24.Qf6 Qxf6 25.exf6 Be3+ 26.Kg2 d4 27.Ne4 Nxe4 28.Bxe4 bxa5 29.Rf3 Rfe8 30.Bc6 Re6
31.c3 Rxc6 32.Rxe3 Rxf6 33.Rxd4 Rxd4 34.cxd4 Bb7+ 35.Kg3 Rb6 36.Re5 Rb5 37.Kf4 Kf8
38.h4 a4 39.Re2 Rb3 40.h5 a3 41.bxa3 Rxa3 42.g5 a5 43.Rb2 Bc6 44.Rb6 Rf3+
45.Ke5 Bd7 46.Kd6 Be8 47.Ke5 a4 48.d5 Rd3 49.Ra6 Re3+ 50.Kf4 Rb3 51.Ra7 Rb6
52.Ke5 h6 53.d6 Rb5+ 54.Kf6 Rxg5 55.d7 Bxd7 56.Rxd7 Ke8 57.Re7+ Kd8 58.Ra7 Rg4
59.Kxf7 Kc8 60.Ra6 Kb7 61.Rxh6 a3  1/2-1/2

[Event "Najdorf Mem Open"]
[Site "Warsaw POL"]
[Date "2009.07.25"]
[Round "8"]
[White "Pietruszewski,M"]
[Black "Choroszej,A"]
[Result "1-0"]
[WhiteElo "2037"]
[BlackElo "2067"]

1.e4 g6 2.d4 Bg7 3.Nc3 d6 4.g3 Nc6 5.d5 Nd4 6.Be3 c5 7.dxc6 Nxc6 8.Bg2 Nf6
9.h3 O-O 10.Nge2 Qa5 11.O-O Bd7 12.Re1 Rac8 13.f4 a6 14.Qd2 b5 15.a3 Qc7
16.Rac1 Na5 17.b3 Bc6 18.Nd5 Nxd5 19.exd5 Ba8 20.Qb4 Nb7 21.c4 Qd7 22.cxb5 axb5
23.Rc6 Nc5 24.Qxb5 Rb8 25.Qc4 Bxc6 26.dxc6 Qf5 27.b4 Nd3 28.Be4 d5 29.Bxd3 dxc4
30.Bxf5 gxf5 31.Rc1 Ra8 32.Rxc4 Rxa3 33.Kf2 Ra4 34.Bc5 Bf6 35.Nc3 Ra3 36.Nd5 Ra2+
37.Kf3 Ra3+ 38.Be3 Rb3 39.c7 Rc8 40.Ke2 Kf8 41.Rc5 Ke8 42.b5 Bb2 43.Nb6 Rxc7
44.Rxc7 e6 45.Bc5 Bf6 46.Nc4 Kd8 47.b6 Rxg3 48.Rxf7  1-0

[Event "ZMD Open"]
[Site "Dresden GER"]
[Date "2009.07.26"]
[Round "2"]
[White "Hansch,Ka"]
[Black "Bueder,T"]
[Result "1/2-1/2"]
[WhiteElo "1831"]
[BlackElo "2201"]

1.e4 g6 2.d4 Bg7 3.Nc3 d6 4.f4 Nd7 5.Nf3 c6 6.Bc4 b5 7.Bb3 Nh6 8.O-O O-O
9.Kh1 a6 10.e5 d5 11.Ne2 Nb6 12.c3 Bg4 13.h3 Bxf3 14.Rxf3 f6 15.Ng3 Kh8 16.Be3 Qd7
17.Qe2 a5 18.Raf1 f5 19.Rc1 Rfb8 20.Bf2 Nf7 21.e6 Qd6 22.exf7 Rf8 23.Re1 Bf6
24.Qe6 Qc7 25.Nf1 Rad8 26.Bc2 Nc4 27.b3 Nd6 28.Qe2 Rxf7 29.Nd2 Ne4 30.c4 b4
31.Nxe4 dxe4 32.Bxe4 fxe4 33.Qxe4 Qd7 34.Rd3 Qd6 35.Qe6 Rff8 36.Qxd6 Rxd6
37.d5 cxd5 38.Rxd5 Rxd5 39.cxd5 Rd8 40.Rd1 a4 41.Bd4 Kg7 42.Bxf6+ Kxf6 43.Rd4 axb3
44.axb3 e5 45.fxe5+ Kxe5 46.Rxb4 Rxd5 47.Rb7 h5 48.Kh2 g5 49.Rh7 h4 50.Rb7 Kd4
51.b4 Kc4 52.Kg1  1/2-1/2

[Event "2nd Open"]
[Site "Paleohora GRE"]
[Date "2009.07.26"]
[Round "7"]
[White "Stefanova,A"]
[Black "Arun,Ka"]
[Result "1-0"]
[WhiteElo "2535"]
[BlackElo "2291"]

1.e4 d6 2.d4 g6 3.Nc3 Bg7 4.f4 a6 5.Nf3 b5 6.Bd3 Nd7 7.e5 Bb7 8.O-O Nh6 9.a4 b4
10.Ne4 c5 11.c3 cxd4 12.cxd4 O-O 13.a5 dxe5 14.dxe5 Rc8 15.Qb3 Nf5 16.Bd2 Nd4
17.Nxd4 Nc5 18.Nxc5 Qxd4+ 19.Kh1 Rxc5 20.Bxb4 Rc7 21.Rad1 Rb8 22.Bc3 Qe3
23.Qc2 Bh6 24.Rde1 Qc5 25.f5 Qc6 26.e6 f6 27.fxg6 Rd8 28.gxh7+ Kg7 29.Be4 Qb5
30.Bxf6+  1-0

[Event "Tchibo Open B"]
[Site "Pardubice CZE"]
[Date "2009.07.26"]
[Round "3"]
[White "Sladek,Vl"]
[Black "Kuzmin,Gen"]
[Result "0-1"]
[WhiteElo "2100"]
[BlackElo "2430"]

1.e4 g6 2.d4 Bg7 3.Nc3 d6 4.Nf3 Nf6 5.Be2 O-O 6.h3 Nbd7 7.O-O a6 8.a4 c5
9.Be3 cxd4 10.Bxd4 Qc7 11.Qd2 Nc5 12.Bxf6 Bxf6 13.Nd5 Qd8 14.Nxf6+ exf6 15.Qd4 Re8
16.Bd3 Qe7 17.Rfe1 Bd7 18.b3 Bc6 19.Nd2 Rad8 20.Nc4 Ne6 21.Qe3 Qc7 22.Qb6 Qc8
23.Qb4 Qd7 24.Nb6 Qc7 25.Nd5 Bxd5 26.exd5 Nc5 27.Qc3 Kg7 28.b4 Ne6 29.Qxc7 Nxc7
30.c4 a5 31.bxa5 Na6 32.Kf1 Nc5 33.Bc2 Kf8 34.Rab1 Ra8 35.Rb5 Rxe1+ 36.Kxe1 Ke7
37.Kd2 Kd7 38.g4 Kc7 39.h4 Re8 40.Rb1 Kd7 41.h5 Ra8 42.Rb5 gxh5 43.gxh5 h6
44.Rb1 Ke7 45.Kc3 Rg8 46.Re1+ Kd8 47.Re3 Rg5 48.Bd1 Rf5 49.Rf3 Rxh5 50.Rxf6 Ne4+  0-1

[Event "Continental ch-Americas"]
[Site "Sao Paulo BRA"]
[Date "2009.07.26"]
[Round "2"]
[White "Mekhitarian,K"]
[Black "Ueti,S"]
[Result "1-0"]
[WhiteElo "2488"]
[BlackElo "2228"]

1.e4 g6 2.d4 Bg7 3.Nc3 d6 4.Be3 a6 5.f4 b5 6.Bd3 Bb7 7.Nf3 Nd7 8.Qe2 c5 9.dxc5 Nxc5
10.Bxc5 dxc5 11.e5 Qb6 12.a4 bxa4 13.Be4 Qxb2 14.O-O Bxe4 15.Qxe4 Rc8 16.Rab1 Qxc3
17.Rfd1 e6 18.Rb8 Qe3+ 19.Qxe3 Rxb8 20.Qd3  1-0

[Event "zt 3.3"]
[Site "Ho Chi Minh City VIE"]
[Date "2009.07.27"]
[Round "7"]
[White "Nguyen Van Hai"]
[Black "Nguyen Sy Hung"]
[Result "1-0"]
[WhiteElo "2249"]
[BlackElo "2013"]

1.e4 g6 2.d4 Bg7 3.Nc3 d6 4.Nf3 Nd7 5.Be3 a6 6.Bd3 b6 7.Qd2 Bb7 8.Ne2 h6
9.Ng3 e6 10.c3 Ne7 11.O-O Nf6 12.h3 d5 13.e5 Ne4 14.Qc2 Nxg3 15.fxg3 Qd7
16.a4 Bc6 17.b3 a5 18.Qe2 O-O 19.g4 Rfb8 20.Qf2 Qe8 21.Qh4 Qf8 22.Rf2 Be8
23.Raf1 Ra7 24.Nd2 c6 25.Rf6 b5 26.Rxe6 bxa4 27.bxa4 Nf5 28.gxf5 fxe6 29.f6 Bh8
30.Bxh6 Rh7 31.Bxf8 Rxh4 32.Bd6 Rb2 33.Nf3 Rh5 34.Bc7 Rh7 35.Bxa5 Ra7 36.Bb4 Rxa4
37.Kh2 Raa2 38.Rg1 Rf2 39.Kg3 Rfb2 40.h4 Bf7 41.Kh3 Rf2 42.Bc5 Be8 43.Rb1 Rfb2
44.Rxb2 Rxb2 45.g4 Ra2 46.Kg3 Ra1 47.Ng5 Rg1+ 48.Kf4 Rd1 49.Ba6 Bf7 50.Bb4 Rh1
51.Nf3 Rb1 52.Bb7 Rf1 53.Kg3 g5 54.Nxg5 Rg1+ 55.Kf4 Rf1+ 56.Nf3 Bg6 57.Ba6 Rf2
58.Kg3 Rc2 59.Bc8  1-0

[Event "Czech Open A"]
[Site "Pardubice CZE"]
[Date "2009.07.27"]
[Round "4"]
[White "Popilski,G"]
[Black "Haub,TM"]
[Result "1/2-1/2"]
[WhiteElo "2392"]
[BlackElo "2483"]

1.e4 g6 2.d4 Bg7 3.Nc3 d6 4.Be3 a6 5.h4 h6 6.Qd2 Nd7 7.f4 h5 8.e5 Nb6 9.Nf3 Bg4
10.Nh2 Bf5 11.O-O-O d5 12.b3 e6 13.g3 Bf8 14.Bd3 Nh6 15.Bxf5 Nxf5 16.Bf2 Qd7
17.Qd3 Qc6 18.Kb2 O-O-O 19.Ne2 Qb5 20.Nc3 Qc6 21.a3 Kb8 22.Ka2 Rc8 23.Ne2 Qb5
24.Qxb5 axb5 25.Nf3 Be7 26.Rd3 c6 27.Be1 Kc7 28.Bb4 Kd7 29.Bxe7 Kxe7 30.Kb2 Ra8
31.c3 Nd7 32.Ne1 b6 33.Nc2 c5 34.Rf3 Nb8 35.Ne3 Nc6 36.Nxf5+ gxf5 37.b4 Ra4
38.Ra1 Rha8 39.Rff1 Kd7 40.Rfd1 c4  1/2-1/2

[Event "ZMD Open"]
[Site "Dresden GER"]
[Date "2009.07.28"]
[Round "4"]
[White "Zeberski,J"]
[Black "Bodner,A"]
[Result "1-0"]
[WhiteElo "2421"]
[BlackElo "2016"]

1.e4 g6 2.d4 Bg7 3.Nc3 d6 4.f4 Nf6 5.Nf3 Bg4 6.Be3 O-O 7.Be2 Nbd7 8.O-O c6
9.h3 Bxf3 10.Bxf3 Qc7 11.e5 Ne8 12.Ne4 d5 13.Nf2 e6 14.g4 f6 15.exf6 Rxf6
16.Nd3 Rf7 17.Qe2 Nd6 18.Rae1 Nf6 19.Nf2 Nc4 20.Bc1 g5 21.b3 Nd6 22.fxg5 Nfe4
23.Bxe4 dxe4 24.Kg2 Rxf2+ 25.Qxf2 Rf8 26.Qg3 Rxf1 27.Rxf1 Bxd4 28.Bf4 Bc5
29.Rd1  1-0

[Event "Czech Open A"]
[Site "Pardubice CZE"]
[Date "2009.07.28"]
[Round "5"]
[White "Kovar,V"]
[Black "Gorbatov,A"]
[Result "1-0"]
[WhiteElo "2328"]
[BlackElo "2404"]

1.e4 g6 2.d4 Bg7 3.Nc3 d6 4.f4 c6 5.Nf3 Bg4 6.Be3 Qb6 7.Qd2 Bxf3 8.gxf3 e6
9.O-O-O d5 10.f5 gxf5 11.exf5 Ne7 12.fxe6 fxe6 13.Bh3 Nf5 14.Bxf5 exf5 15.Bh6 Bf6
16.Rhe1+ Kd8 17.Re6 Be7 18.Nxd5 cxd5 19.Rxb6 axb6 20.Kb1 Rg8 21.a3 Rg6 22.Bf4 Ra4
23.c3 Bh4 24.Qc2 Ra5 25.Qxf5 Rb5 26.b4 Rc6 27.Bd2  1-0

[Event "ch-Euro Senior w"]
[Site "Rogaska Slatina SLO"]
[Date "2009.07.28"]
[Round "7"]
[White "Kabanova,I"]
[Black "Saunina,L"]
[Result "0-1"]
[WhiteElo "2047"]
[BlackElo "2293"]

1.e4 g6 2.d4 Bg7 3.Nc3 d6 4.f4 a6 5.Nf3 b5 6.a3 e6 7.Be3 Bb7 8.Bd3 Nd7 9.Ne2 f5
10.Ng3 Ngf6 11.e5 Nd5 12.Bd2 Qe7 13.O-O dxe5 14.dxe5 Qc5+ 15.Kh1 Ne3 16.Bxe3 Qxe3
17.Ng5 Qb6 18.c3 h6 19.Nf3 Rd8 20.Qe2 O-O 21.b3 Nc5 22.Bc2 Bd5 23.Nd4 Rfe8
24.Rad1 Bf8 25.Rfe1 Nb7 26.c4 bxc4 27.bxc4 Bc6 28.Nxc6 Qxc6 29.a4 Na5 30.Rxd8 Rxd8
31.Rd1 Rxd1+ 32.Qxd1 Qxc4 33.Ne2 Kf7 34.h3 Be7 35.Qd3 g5 36.g3 c5 37.Qxc4 Nxc4
38.Bd3 Nb2 39.Bxa6 Nxa4 40.Bd3 Nb6 41.Bc2 Nd5 42.Kg1 gxf4 43.Nxf4 Ne3 44.Ba4 Bg5
45.Kf2 Bxf4 46.gxf4 Nd5 47.Kf3 c4 48.h4 c3 49.Bb3 Ke7 50.Ba4 Kd8 51.Bb3 Kd7
52.Bxd5 c2  0-1

[Event "XXXV d'Esca Open"]
[Site "Sitges ESP"]
[Date "2009.07.28"]
[Round "7"]
[White "Lacasa Diaz,J"]
[Black "Almeida Quintana,O"]
[Result "1-0"]
[WhiteElo "2392"]
[BlackElo "2524"]

1.e4 g6 2.d4 Bg7 3.Nc3 d6 4.Be3 a6 5.f4 b5 6.Nf3 Nd7 7.Bd3 Bb7 8.e5 c5 9.Be4 Qc8
10.Bxb7 Qxb7 11.dxc5 dxe5 12.Qd5 Qxd5 13.Nxd5 Rc8 14.Nb6 Nxb6 15.cxb6 Nf6
16.fxe5 Nd5 17.Bd4 Rb8 18.a4 Nxb6 19.axb5 axb5 20.Bxb6 Rxb6 21.Ra8+ Kd7 22.Ra7+ Ke6
23.O-O f6 24.Rd1 Kf7 25.Rdd7 Re8 26.Rab7 Rxb7 27.Rxb7 Rc8 28.Rxb5 Rxc2 29.e6+ Kg8
30.Rb8+ Bf8 31.Nd4 Rd2 32.Nc6 Rd6 33.Nd8 Rd2 34.b4 h5 35.b5 Bh6 36.Nc6+ Kg7
37.Rb7 Be3+ 38.Kf1 Rf2+ 39.Ke1 Rxg2 40.Rxe7+ Kh6 41.Rh7+  1-0

[Event "Czech Open A"]
[Site "Pardubice CZE"]
[Date "2009.07.29"]
[Round "6"]
[White "Leutwyler,M"]
[Black "Mons,L"]
[Result "1-0"]
[WhiteElo "2169"]
[BlackElo "2148"]

1.d4 g6 2.e4 Bg7 3.Nc3 d6 4.Be3 a6 5.a4 Nf6 6.h3 O-O 7.Nf3 b6 8.e5 Nfd7 9.e6 fxe6
10.h4 Nf6 11.Bd3 Qe8 12.h5 Nxh5 13.Ng5 h6 14.Nh7 Rf5 15.g4 Kxh7 16.Qd2 Bb7
17.Rxh5 gxh5 18.gxf5 Kh8 19.fxe6 Qf8 20.d5 c6 21.Qe2 Qe8 22.Qf3 cxd5 23.Qf5  1-0

[Event "Czech Open A"]
[Site "Pardubice CZE"]
[Date "2009.07.29"]
[Round "6"]
[White "Kjartansson,G"]
[Black "Haub,TM"]
[Result "1-0"]
[WhiteElo "2356"]
[BlackElo "2483"]

1.e4 g6 2.d4 Bg7 3.Nc3 d6 4.Be3 a6 5.g3 b5 6.Bg2 Bb7 7.Nh3 e6 8.Qd2 h6 9.f3 Ne7
10.Ne2 Nd7 11.c3 d5 12.e5 Nf5 13.Bf2 c5 14.O-O Qa5 15.f4 cxd4 16.Nxd4 O-O
17.g4 Nxd4 18.Bxd4 Qc7 19.f5 Nxe5 20.f6 Nxg4 21.Rf4 Nxf6 22.Bxf6 Bxf6 23.Rxf6 Kg7
24.Raf1 e5 25.Qe3 Rad8 26.Qg3 Bc8 27.Kh1 a5 28.Ng1 b4 29.Ne2 bxc3 30.bxc3 Qe7
31.Qe3 Rd6 32.Qc5 Be6 33.c4 Rc8 34.Rxf7+ Bxf7 35.Qxc8 dxc4 36.Qc5 Qe6 37.Nc3 Be8
38.Qa7+ Rd7 39.Qxa5 Rf7 40.Re1 Bc6 41.Bxc6 Qxc6+ 42.Kg1 Qf3 43.Qxe5+ Kh7
44.Ne4 Qg4+ 45.Ng3 Qd7 46.Qe3 c3 47.Qxc3 Qa7+ 48.Kh1 Qxa2 49.Re8 Qb1+ 50.Kg2 Qb7+
51.Ne4 Rg7 52.Kg3 Qc7+ 53.Qxc7 Rxc7 54.Nf6+ Kg7 55.Nd5 Rc1 56.Re7+ Kg8 57.Rc7 Rd1
58.Ne7+ Kf7 59.Nd5+ Ke6 60.Nf4+ Kf5 61.Rf7+ Ke4 62.Rf6 Rf1 63.Nd5 Rg1+ 64.Kf2 Ra1
65.Nc3+ Kd3 66.Ne2 g5 67.Rxh6 Ra2 68.Re6 Ra8 69.Kg3 Ra1 70.Kg4 Rh1 71.h3 Rh2
72.Ng3 Kd4 73.Re2  1-0

[Event "ch-Africa"]
[Site "Tripoli LBA"]
[Date "2009.07.29"]
[Round "8"]
[White "Amin,B"]
[Black "Adly,A"]
[Result "1-0"]
[WhiteElo "2551"]
[BlackElo "2548"]

1.e4 g6 2.d4 Bg7 3.Nc3 d6 4.Bg5 c6 5.Qd2 b5 6.f4 Nd7 7.Nf3 Qa5 8.Bd3 b4 9.Ne2 c5
10.a3 Qb6 11.axb4 cxd4 12.Ra5 e5 13.c3 f6 14.Bh4 dxc3 15.Nxc3 Ne7 16.Bf2 Qb8
17.fxe5 dxe5 18.Bb5 O-O 19.Bxd7 Rd8 20.Rd5 Nxd5 21.Bc6 Bb7 22.Bxd5+ Bxd5
23.Nxd5 Qb5 24.Qe2 a6 25.Bc5 Rab8 26.Qxb5 axb5 27.O-O Rd7 28.g4 Re8 29.Nd2 Kf7
30.Nb1 Ke6 31.Nbc3 Rb8 32.Kg2 Rf7 33.Ra1 Rfb7 34.Ra6+ Kf7 35.Bf2 Re8 36.Bh4 Re6
37.Rxe6 Kxe6 38.Nxb5 Bf8 39.Nbc7+ Kd7 40.Na6 Kc6 41.Bxf6 Bd6 42.Kf3 Rb5 43.Nc3 Rb7
44.Nd5 Rb5 45.Bd8 Rb7 46.Bc7 Bxc7 47.Naxc7 Ra7 48.b5+ Kd6 49.b6 Ra2 50.Nb5+  1-0

[Event "Tchibo Open B"]
[Site "Pardubice CZE"]
[Date "2009.07.30"]
[Round "7"]
[White "Gorovets,A"]
[Black "Kuzmin,Gen"]
[Result "1-0"]
[WhiteElo "2382"]
[BlackElo "2430"]

1.e4 g6 2.d4 Bg7 3.Nc3 d6 4.Be3 a6 5.h4 b5 6.h5 Nd7 7.h6 Bf6 8.Nd5 Bb7 9.Nxf6+ Ngxf6
10.f3 Nb6 11.b3 Nfd7 12.Qd2 e6 13.Nh3 Qe7 14.Nf2 O-O 15.Be2 f6 16.O-O Rfd8
17.Qa5 Nf8 18.c4 e5 19.Rac1 Ne6 20.d5 Nf4 21.Bd1 Bc8 22.c5 dxc5 23.Bxc5 Qf7
24.d6 Nd7 25.dxc7 Re8 26.Be3 g5 27.g3 Ne6 28.Ng4 Kh8 29.Be2 f5 30.exf5 Nd4
31.Bxd4 exd4 32.Qd2 Qd5 33.Qxg5 Rg8 34.Qf4 Rf8 35.Rfd1  1-0

[Event "ZMD Open"]
[Site "Dresden GER"]
[Date "2009.07.31"]
[Round "7"]
[White "Rozov,B"]
[Black "Genov,Peta"]
[Result "0-1"]
[WhiteElo "2138"]
[BlackElo "2478"]

1.d4 g6 2.e4 Bg7 3.Nc3 d6 4.Bf4 a6 5.Nf3 b5 6.a3 Bb7 7.Qd2 Nd7 8.h4 c5 9.h5 cxd4
10.Nxd4 Bxd4 11.Qxd4 e5 12.Qxd6 exf4 13.hxg6 fxg6 14.O-O-O Qe7 15.Qd4 Ngf6
16.Nd5 Bxd5 17.exd5 O-O 18.Rh4 Nh5 19.Rh3 Qe5 20.Qb4 Rac8 21.Kb1 Nb6 22.d6 Rfd8
23.Rhd3 Nf6 24.Qb3+ Kg7 25.Rd4 Rc6 26.Qd3 Nc4 27.d7 Rd6 28.Qc3 R8xd7 29.Rxd6 Rxd6  0-1

[Event "Centroamericano & Caribbean U20"]
[Site "Medellin COL"]
[Date "2009.07.31"]
[Round "3"]
[White "Nino,J"]
[Black "Escobar Medina,A"]
[Result "1/2-1/2"]
[WhiteElo "1915"]
[BlackElo "2087"]

1.e4 d6 2.d4 g6 3.Nc3 Bg7 4.Be3 Nf6 5.f3 O-O 6.Qd2 e5 7.O-O-O Nc6 8.Nge2 a6
9.h4 h5 10.dxe5 Nxe5 11.Nf4 Be6 12.Nxe6 fxe6 13.f4 Neg4 14.Bc4 Qe8 15.f5 d5
16.exd5 exf5 17.Bg5 Qd7 18.Rhe1 b5 19.Bb3 b4 20.Na4 a5 21.Nc5 Qd6 22.Ne6 Ne4
23.Rxe4 fxe4 24.Nxf8 Rxf8 25.Re1 Rf2 26.Re2 e3 27.Bxe3 Rf1+ 28.Re1 Rxe1+
29.Qxe1 a4 30.Bc4 Kh7 31.Bd2 Qf6 32.c3 a3 33.Kc2 Ne5 34.Qe4 Nxc4 35.Qxc4 Qf2  1/2-1/2

[Event "Czech Open A"]
[Site "Pardubice CZE"]
[Date "2009.08.01"]
[Round "9"]
[White "Michiels,B"]
[Black "Schlosser,P"]
[Result "1/2-1/2"]
[WhiteElo "2451"]
[BlackElo "2560"]

1.e4 d6 2.d4 g6 3.Nc3 Bg7 4.f4 Nf6 5.a3 O-O 6.Nf3 c5 7.dxc5 Qa5 8.b4 Qd8
9.Rb1 Nfd7 10.Nd5 dxc5 11.e5 Nc6 12.Be3 e6 13.Nc3 cxb4 14.axb4 f6 15.exf6 Nxf6
16.Qxd8 Rxd8 17.Bd3 b6 18.O-O Bb7 19.Bc4 Nd5  1/2-1/2

[Event "110th US Open"]
[Site "Indianapolis USA"]
[Date "2009.08.02"]
[Round "2"]
[White "Herbst,R"]
[Black "Breckenridge,S"]
[Result "0-1"]
[WhiteElo "1765"]
[BlackElo "2176"]

1.e4 g6 2.d4 Bg7 3.Nc3 d6 4.Be3 c6 5.Bd3 Nf6 6.h3 Nbd7 7.Nge2 e5 8.Qd2 exd4
9.Nxd4 O-O 10.O-O-O Qe7 11.Rhe1 Nc5 12.Bg5 Ne6 13.Nxe6 Bxe6 14.f4 Qc7 15.f5 Bc8
16.Bh6 Rd8 17.Rf1 d5 18.Bf4 Qa5 19.e5 d4 20.Nb1 Qxd2+ 21.Nxd2 Nd5 22.Bg5 Re8
23.f6 h6 24.Bf4 g5 25.Bh2 Bf8 26.Rf2 g4 27.Bf4 h5 28.hxg4 Nxf4 29.Rxf4 Bh6
30.Re4 Bxg4 31.Rxg4+ hxg4 32.Rh1 Rxe5 33.b3 Bg5 34.Bh7+ Kf8 35.Kb1 Bxd2 36.Be4 Ke8  0-1

[Event "Centroamericano & Caribbean U20"]
[Site "Medellin COL"]
[Date "2009.08.03"]
[Round "8"]
[White "Guerra Mojena,L"]
[Black "Uribe Arteaga,D"]
[Result "1-0"]
[WhiteElo "2267"]
[BlackElo "2294"]

1.e4 g6 2.d4 Bg7 3.Nc3 d6 4.f4 c6 5.Nf3 Bg4 6.Be3 Qb6 7.Qd2 Bxf3 8.gxf3 e6
9.O-O-O d5 10.f5 exf5 11.exf5 Ne7 12.Bh3 Nd7 13.Rhe1 Qd8 14.Bg5 f6 15.Bh6 O-O
16.fxg6 hxg6 17.Bf4 f5 18.Bg5 Bf6 19.Re6 Rf7 20.Rde1 Kg7 21.f4 Ng8 22.Rg1 Bxg5
23.Rxg5 Nf8 24.Re5 Nh7 25.Rg3 Nh6 26.Qd3 Qh4 27.Ne2 Raf8 28.b3 Rf6 29.Qe3 Ng4
30.Bxg4 fxg4 31.Qg1 Rxf4 32.Nxf4 Rxf4 33.Kb2 Nf6 34.Qe3 Nh5 35.Rxh5  1-0

[Event "Open"]
[Site "Ptuj SLO"]
[Date "2009.08.03"]
[Round "2"]
[White "Crepan,M"]
[Black "Gorsek,G"]
[Result "1/2-1/2"]
[WhiteElo "2324"]
[BlackElo "2009"]

1.e4 g6 2.d4 Bg7 3.Nc3 d6 4.h3 Nf6 5.Nf3 c6 6.a4 O-O 7.Bg5 h6 8.Be3 Nbd7
9.Qd2 Kh7 10.g4 d5 11.g5 Nxe4 12.Nxe4 dxe4 13.gxh6 exf3 14.hxg7 Rg8 15.Bc4 Rxg7
16.Bh6 Nf6 17.Bxg7 Kxg7 18.O-O-O b5 19.Bb3 bxa4 20.Bxa4 Rb8 21.Rde1 Qb6 22.Bb3 Qa6
23.Qc3 Bf5 24.Rxe7 Ne4 25.Rxe4 Bxe4 26.Re1 f5 27.d5+ Kh7 28.dxc6 Rd8 29.Kb1 Rc8
30.Qe5 Qxc6 31.Qe7+ Kh6 32.Qh4+ Kg7 33.Qe7+ Kh6 34.Qh4+ Kg7  1/2-1/2

[Event "Arctic Chess Challenge"]
[Site "Tromso NOR"]
[Date "2009.08.03"]
[Round "3"]
[White "Pettersson,Tob"]
[Black "Petrov,Marij"]
[Result "0-1"]
[WhiteElo "2138"]
[BlackElo "2479"]

1.d4 g6 2.e4 Bg7 3.Nc3 d6 4.f4 a6 5.a4 Nf6 6.Nf3 O-O 7.Bd3 Nc6 8.O-O Bg4
9.Be3 e5 10.dxe5 dxe5 11.f5 Nd4 12.fxg6 hxg6 13.Ne2 Nxf3+ 14.gxf3 Bh3 15.Re1 Nh5
16.Qd2 Qf6 17.Kf2 Qh4+ 18.Kg1 Be6 19.Bf2 Qf6 20.Kg2 Kh7 21.Be3 Qh4 22.Ng1 Nf4+
23.Bxf4 exf4 24.c3 Rad8 25.Qe2 Rh8 26.Rad1 Be5 27.Kh1 Kg7 28.Bc2 Bd6 29.e5 Bc5
30.Rxd8 Rxd8 31.Be4 c6 32.Rf1 Be3 33.Rd1 Rxd1 34.Qxd1 Qf2 35.Qc2  0-1